Countries GDP Compared to US States - Statistics

General Stats
  • This quiz has been taken 23 times
  • The average score is 22 of 50
Answer Stats
Country Hint US State % Correct
United Kingdom C California
100%
Canada N New York
95%
South Korea T Texas
95%
Indonesia F Florida
90%
Saudi Arabia P Pennsylvania
90%
Sweden G Georgia
86%
Netherlands I Illinois
86%
Argentina O Ohio
86%
Taiwan N New Jersey
67%
Thailand V Virginia
67%
Poland N North Carolina
62%
Belgium M Massachusetts
52%
Iran W Washington
52%
United Arab Emirates I Indiana
48%
Austria M Michigan
48%
Norway M Maryland
43%
South Africa T Tennessee
43%
Libya V Vermont
43%
Denmark W Wisconsin
43%
Ireland C Colorado
38%
Bangladesh C Connecticut
38%
Uzbekistan M Montana
38%
Slovenia S South Dakota
38%
Oman D Delaware
33%
Sri Lanka H Hawaii
33%
Myanmar I Idaho
33%
Greece I Iowa
33%
Israel M Minnesota
33%
Morocco N Nebraska
33%
Croatia N North Dakota
33%
Uruguay R Rhode Island
33%
Guatemala W West Virginia
33%
Tunisia W Wyoming
33%
Tanzania A Alaska
29%
SIngapore A Arizona
29%
Kazakhstan K Kansas
29%
New Zealand K Kentucky
29%
Finland L Louisiana
29%
Philippines M Missouri
29%
Egypt O Oregon
29%
Qatar U Utah
29%
Kuwait A Arkansas
24%
Ethiopia N New Hampshire
24%
Iraq O Oklahoma
24%
Portugal S South Carolina
24%
Hungary N Nevada
19%
Venezuela A Alabama
14%
Panama M Maine
14%
Slovakia N New Mexico
14%
Ukraine M Mississippi
5%
No matching quizzes found
Score Distribution
Percent of People with Each Score
Percentile by Number Answered
Your Score History
You have not taken this quiz